000 00693nam a2200253Ia 4500
003 OSt
005 20220918185441.0
006 a|||||r|||| 00| 0
007 ta
008 220917b |||||||| |||| 00| 0 eng d
024 _a51,020
037 _cTextual
040 _aARTS
_cARTS
_beng
041 _2eng
_aeng
082 _aP111:2, M4
100 _aBotha Rudolf P
_965614
245 0 _aMorphological mechanisms
_b lexicalist analysis of synthetic compundintg
260 _aOxford
_bPergamon Press
_c1984
300 _aix,164p.
_ccm.
500 _aBib 160-62p
650 _aLINGUISTICS
942 _hP111:2, M4
_cTEXL
_2CC
999 _c180615
_d180615